| 000 | 01563nam a22004337a 4500 | ||
|---|---|---|---|
| 001 | 0046661 | ||
| 003 | KOHA_MİRAKIL | ||
| 005 | 20260207003528.0 | ||
| 007 | ta | ||
| 008 | 141118b2014 tu a|||gr||||#0|||0|tur | | ||
| 020 |
_a9789751603814 _c13,20 |
||
| 040 |
_aTR-BiSEU _btur _cTR-BiSEU _erda |
||
| 041 | 0 | _atur | |
| 044 | _ctu | ||
| 050 |
_aDR531 _b.H35 2014 |
||
| 100 | 1 | _aHalaçoğlu, Yusuf. | |
| 245 | 1 |
_aXVIII. Yüzyılda Osmanlı İmparatorluğu'nun İskan Siyaseti ve Aşiretlerin Yerleştirilmesi/ _cYusuf Halaçoğlu ; Yusuf Halaçoğlu. |
|
| 250 | _a5. Baskı | ||
| 264 | 1 |
_aAnkara : _bTürk Tarih Kurumu _c2014 |
|
| 300 |
_aXII, 244 sayfa : _bharita ; _c24 cm. |
||
| 336 |
_ametin _btxt _2rdacontent |
||
| 337 |
_aaracısız _bn _2rdamedia |
||
| 338 |
_acilt _bnc _2rdacarrier |
||
| 490 | 1 |
_aAtatürk Kültür, Dil ve Tarih Yüksek Kurumu Türk Tarih Kurumu Yayınları ; _vVII. |
|
| 490 | 1 | _adizi- sayı 92-4. | |
| 500 | _aDizin var. | ||
| 500 | _aKaynakça var. | ||
| 650 | 0 |
_aOsmanlı İmparatorluğu--İskan Politikası--18.yy. _986116 |
|
| 650 | 0 |
_aZorunlu göç-- Türkiye--Tarih. _921282 |
|
| 650 | 0 |
_aZorurnlu iskan-- Türkiye-- Tarih. _921283 |
|
| 650 | 0 |
_aLand settlement--Turkey-- History. _921280 |
|
| 650 | 0 |
_aForced migration--Turkey--History. _921281 |
|
| 650 | 0 |
_aTurkey--History--1683-1829. _914945 |
|
| 650 | 0 |
_a _95500 |
|
| 830 | 1 |
_aAtatürk Kültür, Dil ve Tarih Yüksek Kurumu Türk Tarih Kurumu Yayınları ; _vVII. _910433 |
|
| 830 | 1 |
_adizi- sayı 92-4. _986117 |
|
| 907 | _aTarih | ||
| 942 |
_2lcc _cBK |
||
| 999 |
_c46627 _d46627 |
||